LEADER 01267nam a2200289 u 4500 001 000000118355 003 CaOOAMICUS 005 20091126103419.0 008 091126s2008 it u000 u ita u 020 $a978-88-13-28289-9 040 $aPUL$bita$dReb 245 00$aSuccessioni e donazioni /$ca cura di Lorenzo Balestra, Mauro Di Marzio. 260 $aPadova :$bCEDAM,$c2008. 300 $axxxiii, 1760 p. ;$c25 cm. +$eCD-Rom 490 1 $aSapere diritto ;$v5. 504 $aInclude indice bibliografico p. [1709]-1728 e indice normativo. 650 4$aSuccessione (diritto).$0(OLS)http://pul/subject/1242 650 4$aDonazione (diritto).$0(OLS)http://pul/subject/17825 700 1 $aDi Marzio, Mauro.$0(OLS)http://pul/name/73905 700 1 $aBalestra, Lorenzo.$0(OLS)http://pul/name/70554 830 0$aSapere diritto ;$v5.$0(OLS)http://pul/title/137468 850 $aPUL 852 $aPUL$W1$xDP2 Diritto e Scienze Sociali 3$y110$m348. 45 COLL 3.5bis$j159487$qDDC 21$B134774$CPULBib$Z2$F134774 $H111668 $82 941 1 $a9 996 $6020$a978-88-13-28289-9$9(OLS)http://pul/number/142535 996 $6245$aSuccessioni e donazioni$9(OLS)http://pul/title/148942 996 $6260$aPadova :$bCEDAM$9(OLS)http://pul/publisher/48126 LEADER 01348nam a2200277 a 4500 001 000000174185 003 CaOOAMICUS 005 20210129125436.0 008 210129s2019 it frm z000 u fre r 032 $aLibriCat 040 $aPUL$bita 100 1 $aUzabumwana, Romuald.$0(OLS)http://pul/name/111910 245 14$aLes roles de la religion dans le processus de faire face a la tragédie des violences sexuelles chez les rescapés du génocide au Rwanda /$cRomuald Uzabumwana. 260 $aRoma :$b[s.n.],$c2019. 300 $a276 p. ; $b$c24 cm 502 $aTesi di dottorato-- Pontificia Universitŕ Gregoriana--Istituto di psicologia, 2019. 504 $aBibliografia: p. [355]-424. 650 4$aAbusi sessuali.$0(OLS)http://pul/subject/45697 650 4$aGenocidio.$0(OLS)http://pul/subject/23392 710 2 $aPontificia Universitŕ Gregoriana.$bIstituto di psicologia.$kTesi.$0(OLS)http://pul/name/82056 850 $aPUL 852 $aPUL$W1$xDP1 Tesi Pon. Univ. Gregoriana$y40$m2019 E 2$j196164$qTesi$B203107$CPULBib$Z2$F203107 $82 941 1 $a16 996 $6245$aLes roles de la religion dans le processus de faire face a la tragédie des violences sexuelles chez les rescapés du génocide au Rwanda$9(OLS)http://pul/title/215415 996 $6260$aRoma :$b[s.n.]$9(OLS)http://pul/publisher/47958